000 00414nam a2200181Ia 4500
005 20240823040208.0
008 240823s9999||||xx |||||||||||||| ||und||
041 _aENGLISH
082 _A153.42 L1
100 _aBono Edward De
245 0 _aPractical Thinking
250 _a1st
260 _c1971
_b"Penguin,London"
500 _aYES
650 _aGeneral Studies
_bGeneral
942 _cBK
999 _c202510
_d202510